Fiberglass
This book describes approved methods of repairing fiberglass reinforced plastic parts. Fiberglass Reinforced Plastic (FRP) is an integral part of modern machine structures such as automobile bodies, light airplanes, boats, outdoor power equipment and agricultural machinery that require body strength...
Na minha lista:
| Autor principal: | |
|---|---|
| Formato: | Livro |
| Idioma: | Undetermined |
| Publicado em: |
Illinois
John Deere
1993
|
| Assuntos: | |
| Tags: |
Adicionar Tag
Sem tags, seja o primeiro a adicionar uma tag!
|
| Thư viện lưu trữ: | Trung tâm Học liệu Trường Đại học Cần Thơ |
|---|
| LEADER | 00931nam a2200205Ia 4500 | ||
|---|---|---|---|
| 001 | CTU_15486 | ||
| 008 | 210402s9999 xx 000 0 und d | ||
| 020 | |b MHO | ||
| 082 | |a 620.10063 | ||
| 082 | |b F981f | ||
| 100 | |a FOS | ||
| 245 | 0 | |a Fiberglass | |
| 245 | 0 | |c FOS | |
| 260 | |a Illinois | ||
| 260 | |b John Deere | ||
| 260 | |c 1993 | ||
| 520 | |a This book describes approved methods of repairing fiberglass reinforced plastic parts. Fiberglass Reinforced Plastic (FRP) is an integral part of modern machine structures such as automobile bodies, light airplanes, boats, outdoor power equipment and agricultural machinery that require body strength and lightweight structural features. FRP is a composite material, a combination of flexible "fibrous glass" strands, bonded together with plastic "resin" | ||
| 650 | |a agricultural mechanics | ||
| 904 | |i Minh, 970408 | ||
| 980 | |a Trung tâm Học liệu Trường Đại học Cần Thơ | ||